000 00489nam a2200181Ia 4500
008 230917s9999||||xx |||||||||||||| ||und||
020 _cRS1095
040 _e246536
_aMAIN
041 _aEnglish
082 _a620.11892 J724M(2)
100 _aJones, Robert M
245 0 _aMechanics of composite materials
250 _a2nd ed.
260 _aNew York
_bTaylor and Francis
_c2018
300 _axvi, 519 p.
500 _a3069 19/03/2018 RBP18/69734 23/03/2018 Main Budget
942 _cBK
999 _c26413
_d26413